Begins with 'TRI' Quiz Stats

 Plays Quiz Updated Jul 6, 2018

Also try: Begins with 'HU'
Challenge
Share
Tweet
Embed
Score 0/30 Timer 07:00
3 Plays Today
Hint Answer % Correct
A three wheeled vehicle propelled by pedalsTricycle
98.6%
a three-legged stand for a cameraTripod
93.4%
Three babies born at the same birthTriplets
88.4%
A rabbit just can’t resist the fruity flavors in this cerealTrix
86.1%
When pressed by a finger, this fires a bulletTrigger
85.3%
The act of being victoriousTriumph
84%
The Lord of the Rings, for exampleTrilogy
82.9%
Branch of mathematics that studies trianglesTrigonometry
80.3%
Poseidon's tool of choiceTrident
77.8%
Usually in a court, before a judge and a juryTrial
76.2%
Father, Son, Holy SpiritTrinity
73.8%
A dinosaur with three hornsTriceratops
70.4%
An article or thing of very little valueTrifle
64.2%
An event consisting of swimming, cycling, and runningTriathlon
64.2%
Sporcle is full of thisTrivia
63.3%
Hint Answer % Correct
Germinal Stage, Embryonic Stage, & Fetal StageTrimester
58.3%
A muscle having three headsTriceps
57.8%
A stream that flows to a larger streamTributary
57.8%
The Goblet of Fire selects wizards to compete in this tournamentTriwizard
55.3%
Caribbean countryTrinidad and Tobago
52.3%
Twelve of these were from IsraelTribe
45.5%
A gift showing gratitude, respect, or affectionTribute
43.1%
A chord of three notesTriad
38.5%
A court of justiceTribunal
35%
A type of horse racing betTrifecta
34.5%
African capital cityTripoli
33.6%
Usually a metal stand with short feet for use under a hot dishTrivet
24%
Gaius Julius Caesar, Marcus Licinius Crassus, and Gnaeus Pompeius MagnusTriumvirate
21.5%
A radioactive isotope of hydrogenTritium
13.8%
Class of warships used by ancient GreeksTrireme
12.9%

You're not logged in!

Compare scores with friends on all Sporcle quizzes.
OR
Log In

You Might Also Like...

Show Comments

Extras

Top Quizzes Today


Score Distribution

Your Account Isn't Verified!

In order to create a playlist on Sporcle, you need to verify the email address you used during registration. Go to your Sporcle Settings to finish the process.

Report this User

Report this user for behavior that violates our Community Guidelines.

Details: